MARC

LEADER 00000nab a2200000 4500
001 vtls011908831
003 SK-MaSNL
005 20260304034552.0
008 191227|2019 xo ||||||||||||00 ||slo|
038 |a PPPK 
040 |a PPPKCL  |b slo  |e rda 
041 0 |a slo 
043 |a e-xo--- 
044 |a xo  |c SK 
072 7 |a 394  |x Verejný a spoločenský život. Každodenný život  |2 konspekt 
072 7 |a 316.7  |x Sociológia kultúry. Kultúrny život  |2 konspekt 
080 |a 316.7  |2 2011 
080 |a 911.375(091)  |2 2011 
080 |a 725.94  |2 2011 
080 |a 394.46  |2 2011 
100 1 |a Michalčíková, Veronika  |4 aut  |9 1087216 
245 1 0 |a V Kežmarku sa bude oslavovať  |c Veronika Michalčíková 
300 |b Fotografie 
336 |a text  |b txt  |2 rdacontent 
337 |a bez média  |b n  |2 rdamedia 
338 |a zväzok  |b nc  |2 rdacarrier 
600 1 7 |a Baráthová, Nora,  |d 1944-  |2 SNKMA  |9 163499 
600 1 7 |a Herz, Juraj,  |d 1934-2018  |2 SNKMA  |9 98598 
611 2 7 |a Pocta Jurajovi Herzovi  |d (2019 :  |c Kežmarok, Slovensko)  |2 SNK  |9 1238184 
611 2 7 |a 750. výročie udelenia mestských práv mestu Kežmarok  |d (2019 :  |c Kežmarok, Slovensko)  |2 SNK  |9 1108559 
648 7 |a 16.9.-22.9.2019  |2 pppkcl  |9 1317523 
650 0 7 |a kultúrne podujatia  |2 SNKPH  |9 71676 
650 0 7 |a dejiny miest  |2 SNKPH  |9 164833 
650 0 7 |a pamätné tabule  |2 SNKPH  |9 29445 
650 0 7 |a výročia a významné udalosti  |2 SNKPH  |9 16069 
651 7 |a Kežmarok (Slovensko)  |2 SNKPHgeo  |9 26808 
773 0 |t Podtatranské noviny  |g Roč. LX, č. 37 (10.9.2019), s. 3  |x 1210-2423 
852 |a PPPK  |b KIS3GCP 
958 |a RG 
999 |c 2653793  |d 2655723